000 03725nam a2200301 a 4500
001 000034720
005 20240503185327.0
008 111019s1965 mx 000 0 spa d
040 _aDO-SdBNP
_bspa
_cBNPHU
082 _a330.9
_bH673e
240 1 0 _aEkonomicheskaja istorija kapitalisticheskikh i slaborazvitykh stran
_lespañol
245 0 0 _aHistoria económica de los países capitalistas /
_cdirección general Y. F. Avdakov, F. Y. Polianski ; traductor Luis A. Vargas.
250 _a1a. ed español
260 _aMéxico :
_bGrijalbo,
_c1965.
300 _axi, 590 p. ;
_c22 cm.
490 0 _aCiencias económicas y sociales
500 _aTraducido del ruso
500 _aÍndice de nombres: p. 587.
505 0 _gÉpoca de la esclavitud.
_tDesarrollo económico del antiguo Egipto --
_tHistoria económica de Babilonia --
_tLa economía de la antigua India --
_tLa economía de la Grecia antigua --
_tEl desarrollo económico de la Roma antigua --
_gLa época del feudalismo.
_gA-Génisis del feudalismo en la alta edad media.
_tDesarrollo del feudalismo en la India --
_tPremisas y consecuencias económicas de las conquistas árabes --
_tHistoria económica de Bizancio --
_tDesarrollo del feudalismo en el reino de los Francos --
_gB- Desarrollo del feudalismo en la alta edad media.
_tEl régimen señorial en Francia en los siglos XI al XV --
_tEl desarrollo del feudalismo en Alemania --
_tEl desarrollo del feudalismo en Inglaterra --
_tLa ciudad medieval en los siglos XI al XV --
_tDesarrollo del feudalismo en la India en los siglos XI al XV --
_gC - La descomposición del feudalismo en la baja edad media.
_tPremisas y consecuencias de los grandes descubrimientos geográficos --
_tEl desarrollo económico de Francia en los siglos XVI y XVII --
_tRenacimiento del feudalismo en Alemania durante los siglos XVI y XVII --
_gLa época del capitalismo premonopolista --
_tLa revolución agraria de Inglaterra en el siglo XVI --
_tEl desarrollo económico de Holanda en los siglos XVII y XVIII --
_tLa revolución industrial en Inglaterra --
_tEl derrocamiento revolucionario del régimen feudal y el desarrollo del capitalismo en Francia (1789-1870) --
_tDesarrollo económico de los Estados Unidos en el periodo del triunfo y expansión del capitalismo --
_tLas reformas agrarias y la revolución industrial en Alemania --
_tComienzo de la esclavización colonial de la India --
504 0 _gPeríodo del capitalismo.
_tLa economía de Estados Unidos a fines del siglo XIX y comienzos del siglo XX --
_tEl desarrollo económico de Alemania a fines del siglo XIX y comienzos del XX --
_tLa economía de Inglaterra a fines del siglo XIX y comienzos del XX --
_tLa economía de Francia a fines del siglo XIX y comienzos del XX --
_tEl desarrollo económico del Japón a fines del siglo XIX y comienzos del XX --
_tLa economía de la India bajo el yugo del colonialismo --
_tLa crisis del capitalismo en Estados Unidos (1918-1961) --
_tLa crisis del capitalismo en Inglaterra (1918-1961) --
_tLa crisis del capitalismo en Francia (1918-1961) --
_tLa crisis del capitalismo en Alemania (1918-1945) --
_tLa economía de la República Federal Alemana --
_tEl desarrollo económico de Italia en el periodo del imperialismo --
_tLa economía del Japón en el periodo de la crisis general del capitalismo --
_tLa economía de India en el periodo de la crisis general del capitalismo --
_tEl desarrollo económico de la República de Indonesia.
650 4 _aCapitalismo
_xHistoria
_93851
650 0 _aHistoria económica
_91620
700 1 _aAVDAKOV, Y. F.
_960176
700 1 _aPOLIANSKI, F. Y.
_960177
700 1 _aVARGAS, LUIS A.
_etr.
_960178
830 0 _aCiencias económicas y sociales
_960179
910 _aValidado. Control de calidad BNPHU.
999 _c34211
_d34211